Guess the Noah Kahan Song ft. Somebody - Statistics

General Stats
  • This quiz has been taken 67 times
  • The average score is 6 of 8
Answer Stats
Feature Song % Correct
Ft. Post Malone Dial Drunk
97%
Ft. Hozier Northern Attitude
87%
Zach Bryan ft. Noah Kahan Sarah's Place
82%
Ft. Lizzy McAlpine Call Your Mom
80%
Ft. Kacey Musgraves She Calls Me Back
79%
Ft. Sam Fender Homesick
75%
Ft. Gregory Alan Isakov Paul Revere
66%
Ft.Brandy Carlisle You're Gonna Go Far
62%
No matching quizzes found
Score Distribution
Percent of People with Each Score
Percentile by Number Answered
Your Score History
You have not taken this quiz